[Event "POL-chT3 1112"]
[Site "Poland"]
[Date "2012.02.26"]
[Round "7.20"]
[White "Grajczak, Adrian"]
[Black "Mazalon, Mateusz"]
[Result "1-0"]
[WhiteElo "1969"]
[BlackElo "1840"]
[PlyCount "49"]
[EventDate "2011.11.06"]
[EventType "team-tourn"]
[EventRounds "11"]
[EventCountry "POL"]
[SourceTitle "EXT 2015"]
[Source "ChessBase"]
[SourceDate "2014.11.20"]
[SourceVersion "1"]
[SourceVersionDate "2014.11.20"]
[SourceQuality "1"]
[WhiteTeam "Chojnice UKS Osemka"]
[BlackTeam "Bydgoszcz Emdek"]
[WhiteTeamCountry "POL"]
[BlackTeamCountry "POL"]

1. e4 c5 2. Nf3 a6 3. c4 Nc6 4. d4 cxd4 5. Nxd4 e5 6. Nc2 d6 7. Nc3 g6 8. Be2 Bg7 9. Be3 Nge7 10. Qd2 f5 11. f3 Be6 12. Rd1 Nc8 13. 0-0 f4 14. Bf2 0-0 15. c5 dxc5 16. Bxc5 Qxd2 17. Rxd2 Rd8 18. Nd5 b6 19. Ba3 Nd4 20. Nxd4 exd4 21. Nc7 Ra7 22. Nxe6 Rdd7 23. Bc4 Kh8 24. Nxg7 Kxg7 25. Rfd1 1-0

[Event "POL-chT3 Kujawsko Pomorskie 1011"]
[Site "Poland"]
[Date "2011.02.13"]
[Round "6.31"]
[White "Konieczynski, Piotr"]
[Black "Mazalon, Mateusz"]
[Result "1-0"]
[WhiteElo "1943"]
[BlackElo "1852"]
[PlyCount "89"]
[EventDate "2010.11.07"]
[EventType "team-tourn"]
[EventRounds "11"]
[EventCountry "POL"]
[SourceTitle "EXT 2019"]
[Source "ChessBase"]
[SourceDate "2018.10.10"]
[SourceVersion "1"]
[SourceVersionDate "2018.10.10"]
[SourceQuality "1"]

1. d4 d5 2. c4 e6 3. Nf3 c5 4. cxd5 exd5 5. Nc3 Nc6 6. g3 Nf6 7. Bg2 Be7 8. 0-0 0-0 9. dxc5 d4 10. Na4 Ne4 11. Nxd4 Qxd4 12. Qxd4 Nxd4 13. Bxe4 Nxe2+ 14. Kg2 Bd7 15. c6 Bxc6 16. Bxc6 bxc6 17. Re1 Nxc1 18. Raxc1 Bf6 19. Rxc6 Rab8 20. Re2 Rfe8 21. Rd2 Re4 22. Ra6 Rd4 23. Rc2 Rd7 24. Rac6 h6 25. Nc5 Rd5 26. b3 Rb5 27. Na6 Rd7 28. a4 Rbd5 29. b4 Rd2 30. a5 R7d3 31. b5 Rxc2 32. Rxc2 Rb3 33. Nc7 Bc3 34. a6 Bd4 35. Rc4 Bb6 36. Rc6 Bd4 37. Rd6 Bc5 38. Rd5 Rc3 39. Rxc5 Rxc5 40. b6 axb6 41. a7 Rxc7 42. a8Q+ Kh7 43. Qd5 f6 44. Qd3+ g6 45. Qd6 1-0

[Event "POL-chT3 Kujawsko Pomorskie 1011"]
[Site "Poland"]
[Date "2011.01.23"]
[Round "5.7"]
[White "Mazalon, Mateusz"]
[Black "Zwolakiewicz, Krzysztof"]
[Result "0-1"]
[WhiteElo "1852"]
[BlackElo "2095"]
[PlyCount "94"]
[EventDate "2010.11.07"]
[EventType "team-tourn"]
[EventRounds "11"]
[EventCountry "POL"]
[SourceTitle "EXT 2019"]
[Source "ChessBase"]
[SourceDate "2018.10.10"]
[SourceVersion "1"]
[SourceVersionDate "2018.10.10"]
[SourceQuality "1"]

1. e4 c5 2. Nf3 e6 3. c3 Nf6 4. e5 Nd5 5. d4 cxd4 6. cxd4 d6 7. Bc4 Nb6 8. Bb3 dxe5 9. dxe5 Qxd1+ 10. Bxd1 N8d7 11. 0-0 Nc5 12. Be2 Bd7 13. Nc3 Be7 14. Rd1 a6 15. Be3 Nba4 16. Nxa4 Nxa4 17. Rac1 Bd8 18. Ng5 Bc6 19. b3 Bxg5 20. Bxg5 Nb6 21. Be3 Nd5 22. Bc5 h5 23. Rd4 g5 24. h4 Rg8 25. Bf1 f6 26. exf6 Kf7 27. Re1 gxh4 28. Rxh4 Rg5 29. Be3 Nxe3 30. Rxe3 Rd8 31. f3 Rd1 32. Kf2 Rd2+ 33. Be2 Rxa2 34. Rd4 Kxf6 35. Red3 Re5 36. Re3 Bb5 37. Rde4 Rxe2+ 38. Rxe2 Bxe2 39. Rxe2 Rxe2+ 40. Kxe2 h4 41. Ke3 Kf5 42. Kd4 Kf4 43. Kc5 Kg3 44. Kd6 Kxg2 45. f4 h3 46. Kxe6 h2 47. f5 h1Q 0-1

[Event "POL-chT3 Kujawsko Pomorskie 1011"]
[Site "Poland"]
[Date "2010.12.12"]
[Round "3.13"]
[White "Mazalon, Mateusz"]
[Black "Jaroch, Karol"]
[Result "0-1"]
[WhiteElo "1852"]
[BlackElo "2252"]
[PlyCount "88"]
[EventDate "2010.11.07"]
[EventType "team-tourn"]
[EventRounds "11"]
[EventCountry "POL"]
[SourceTitle "EXT 2019"]
[Source "ChessBase"]
[SourceDate "2018.10.10"]
[SourceVersion "1"]
[SourceVersionDate "2018.10.10"]
[SourceQuality "1"]

1. e4 d5 2. exd5 Qxd5 3. Nc3 Qd6 4. d4 a6 5. Bd3 Nc6 6. Nge2 Bg4 7. f3 Bh5 8. Ne4 Qd8 9. Bf4 e6 10. c3 Be7 11. 0-0 Nf6 12. Nxf6+ Bxf6 13. Be4 0-0 14. Qa4 Qd7 15. d5 exd5 16. Rad1 b5 17. Qb3 Nd4 18. Bxh7+ Kxh7 19. cxd4 Rfe8 20. Nc1 Rac8 21. Qa3 Qc6 22. Nb3 Qb6 23. Nc5 b4 24. Qd3+ Bg6 25. Qd2 Re7 26. Bg5 Rce8 27. Bxf6 Qxf6 28. Qxb4 Re2 29. Rf2 Qg5 30. Rdf1 R8e7 31. f4 Qg4 32. Qb3 R7e3 33. Qxd5 Rxf2 34. Rxf2 Re1+ 35. Rf1 Qd1 36. Qf3 Qxd4+ 37. Qf2 Rxf1+ 38. Kxf1 Qc4+ 39. Kg1 Qc1+ 40. Qf1 Qxc5+ 41. Kh1 Qc2 42. h3 Qb1 43. Qxb1 Bxb1 44. a4 a5 0-1

[Event "POL-chT3 Kujawsko Pomorskie 1011"]
[Site "Poland"]
[Date "2010.11.21"]
[Round "2.19"]
[White "Kiedrowicz, Jan"]
[Black "Mazalon, Mateusz"]
[Result "1-0"]
[WhiteElo "2300"]
[BlackElo "1852"]
[PlyCount "59"]
[EventDate "2010.11.07"]
[EventType "team-tourn"]
[EventRounds "11"]
[EventCountry "POL"]
[SourceTitle "EXT 2019"]
[Source "ChessBase"]
[SourceDate "2018.10.10"]
[SourceVersion "1"]
[SourceVersionDate "2018.10.10"]
[SourceQuality "1"]

1. d3 e5 2. g3 g6 3. d4 Bg7 4. dxe5 Bxe5 5. Nc3 Nc6 6. h4 h5 7. Nd5 d6 8. Nf3 Bg7 9. Bg5 f6 10. Bd2 Bf5 11. Bc3 Nh6 12. Nd4 Nxd4 13. Qxd4 0-0 14. Bg2 c6 15. Ne3 d5 16. Nxf5 Nxf5 17. Qd3 Kh7 18. 0-0-0 Bh6+ 19. Kb1 Qb6 20. e3 Rfe8 21. g4 hxg4 22. h5 Bg5 23. hxg6+ Kxg6 24. e4 dxe4 25. Bxe4 Qb5 26. Qd7 Rh8 27. a4 Rad8 28. Qxd8 Rxd8 29. axb5 Rxd1+ 30. Rxd1 1-0

[Event "Lazy op-B 6th"]
[Site "Lazy"]
[Date "2010.06.28"]
[Round "2"]
[White "Skwarun, Wojciech"]
[Black "Mazalon, Mateusz"]
[Result "0-1"]
[WhiteElo "1744"]
[BlackElo "1790"]
[PlyCount "44"]
[EventDate "2010.06.27"]
[EventType "swiss"]
[EventRounds "9"]
[EventCountry "POL"]
[SourceTitle "EXT 2011"]
[Source "ChessBase"]
[SourceDate "2010.11.26"]
[SourceVersion "1"]
[SourceVersionDate "2010.11.26"]
[SourceQuality "1"]

1. e4 c5 2. Nf3 a6 3. d4 cxd4 4. Nxd4 Nf6 5. Nc3 e5 6. Nf3 Bb4 7. Bd2 0-0 8. Bc4 Bxc3 9. Bxc3 Nxe4 10. Nxe5 Nxc3 11. bxc3 Qf6 12. Qe2 d6 13. f4 dxe5 14. fxe5 Qh4+ 15. g3 Qg4 16. Qd3 Bf5 17. Qf1 Qe4+ 18. Be2 Qxc2 19. Rd1 Qxc3+ 20. Kf2 Nc6 21. g4 Be4 22. Rg1 Qxe5 0-1

[Event "POL-ch U14"]
[Site "Sekocin Stary"]
[Date "2010.05.08"]
[Round "10"]
[White "Mazalon, Mateusz"]
[Black "Renkowski, Piotr"]
[Result "1-0"]
[WhiteElo "1790"]
[BlackElo "1898"]
[PlyCount "61"]
[EventDate "2010.05.01"]
[EventType "swiss"]
[EventRounds "10"]
[EventCountry "POL"]
[SourceTitle "EXT 2011"]
[Source "ChessBase"]
[SourceDate "2010.11.26"]
[SourceVersion "1"]
[SourceVersionDate "2010.11.26"]
[SourceQuality "1"]

1. e4 c5 2. Nf3 d6 3. c3 Nf6 4. Be2 Nc6 5. d4 cxd4 6. cxd4 Nxe4 7. d5 Qa5+ 8. Nc3 Nxc3 9. bxc3 Nb8 10. 0-0 g6 11. Rb1 Bg7 12. Bb5+ Bd7 13. Qe2 Bxb5 14. Rxb5 Qc7 15. Bg5 h6 16. Bh4 g5 17. Bg3 0-0 18. Rfb1 b6 19. h4 g4 20. Nd4 Qd7 21. Qe4 Bxd4 22. Qxd4 Qf5 23. Re1 e5 24. dxe6 Qxb5 25. exf7+ Rxf7 26. Qxg4+ Kh8 27. Qc8+ Kh7 28. Re8 Qd7 29. Rh8+ Kg6 30. Qg8+ Kh5 31. Qg5# 1-0

[Event "POL-ch U14"]
[Site "Sekocin Stary"]
[Date "2010.05.03"]
[Round "4"]
[White "Cichy, Kamil"]
[Black "Mazalon, Mateusz"]
[Result "1-0"]
[WhiteElo "1912"]
[BlackElo "1790"]
[PlyCount "57"]
[EventDate "2010.05.01"]
[EventType "swiss"]
[EventRounds "10"]
[EventCountry "POL"]
[SourceTitle "EXT 2011"]
[Source "ChessBase"]
[SourceDate "2010.11.26"]
[SourceVersion "1"]
[SourceVersionDate "2010.11.26"]
[SourceQuality "1"]

1. e4 c5 2. Nf3 d6 3. c4 Nc6 4. Nc3 e5 5. d3 Nf6 6. g3 Be7 7. Bg2 a6 8. h3 0-0 9. 0-0 Rb8 10. a4 Ne8 11. Ne1 g6 12. Nd5 Ng7 13. f4 f5 14. Nc2 Nd4 15. Nxd4 cxd4 16. Qe2 b5 17. axb5 axb5 18. Ra7 Bf6 19. fxe5 dxe5 20. Bh6 Rf7 21. Rxf7 Kxf7 22. exf5 gxf5 23. Ra1 Qd6 24. Ra7+ Rb7 25. Rxb7+ Bxb7 26. Nxf6 Bxg2 27. Bxg7 Qe6 28. Bh8 Bxh3 29. Qh5+ 1-0

[Event "POL-ch U14"]
[Site "Sekocin Stary"]
[Date "2010.05.02"]
[Round "3"]
[White "Mazalon, Mateusz"]
[Black "Wozniak, Bartosz"]
[Result "1-0"]
[WhiteElo "1790"]
[BlackElo "1931"]
[PlyCount "53"]
[EventDate "2010.05.01"]
[EventType "swiss"]
[EventRounds "10"]
[EventCountry "POL"]
[SourceTitle "EXT 2011"]
[Source "ChessBase"]
[SourceDate "2010.11.26"]
[SourceVersion "1"]
[SourceVersionDate "2010.11.26"]
[SourceQuality "1"]

1. e4 c5 2. Nf3 d6 3. c3 Nf6 4. h3 Nc6 5. Bd3 g6 6. Bc2 Bg7 7. 0-0 e5 8. d3 0-0 9. Qe2 Re8 10. Nbd2 b6 11. Re1 Qc7 12. Nf1 Ba6 13. N3h2 d5 14. Ng3 dxe4 15. Nxe4 Nd5 16. Qf3 Nf4 17. Ng4 Kh8 18. g3 Ne6 19. Nef6 Red8 20. Bh6 Bb7 21. Bxg7+ Nxg7 22. Qe3 Nf5 23. Qg5 Bc8 24. d4 cxd4 25. Bxf5 Bxf5 26. Qh6 g5 27. Nxh7 1-0

[Event "POL-ch U14"]
[Site "Sekocin Stary"]
[Date "2010.05.01"]
[Round "1"]
[White "Mazalon, Mateusz"]
[Black "Marczuk, Dominik"]
[Result "0-1"]
[WhiteElo "1790"]
[BlackElo "1957"]
[PlyCount "78"]
[EventDate "2010.05.01"]
[EventType "swiss"]
[EventRounds "10"]
[EventCountry "POL"]
[SourceTitle "EXT 2011"]
[Source "ChessBase"]
[SourceDate "2010.11.26"]
[SourceVersion "1"]
[SourceVersionDate "2010.11.26"]
[SourceQuality "1"]

1. e4 c5 2. Nf3 d6 3. c3 Nf6 4. Bd3 Bg4 5. h3 Bh5 6. Bc2 Nc6 7. d3 e6 8. 0-0 Be7 9. Nbd2 d5 10. Qe2 Qc7 11. Re1 a6 12. g4 Bg6 13. Nh4 0-0 14. Ng2 Bd6 15. Nf1 c4 16. dxc4 Bxe4 17. g5 Bxc2 18. Qxc2 Nh5 19. cxd5 exd5 20. Qf5 Ne5 21. h4 g6 22. Qh3 Nc6 23. Nfe3 d4 24. Nd5 Qa5 25. Nf6+ Nxf6 26. gxf6 dxc3 27. h5 Qxh5 28. Qxh5 gxh5 29. Bh6 cxb2 30. Rab1 Rfe8 31. Ne3 Bf8 32. Bg5 h6 33. Bf4 Nd4 34. Kg2 Kh7 35. Rxb2 b5 36. Rd1 Bc5 37. Rh1 Re4 38. Kg3 Rg8+ 39. Kh3 Rxf4 0-1

[Event "Bydgoszcz op U18"]
[Site "Bydgoszcz"]
[Date "2010.01.21"]
[Round "7"]
[White "Zwara, Szymon"]
[Black "Mazalon, Mateusz"]
[Result "0-1"]
[WhiteElo "1607"]
[BlackElo "1790"]
[PlyCount "78"]
[EventDate "2010.01.18"]
[EventType "swiss"]
[EventRounds "9"]
[EventCountry "POL"]
[SourceTitle "EXT 2013"]
[Source "ChessBase"]
[SourceDate "2012.11.22"]
[SourceVersion "1"]
[SourceVersionDate "2012.11.22"]
[SourceQuality "1"]

1. e4 c5 2. Nf3 a6 3. Nc3 e6 4. d4 cxd4 5. Nxd4 b5 6. a3 Bb7 7. Be3 d6 8. Be2 Nf6 9. f3 Be7 10. Qd2 Nbd7 11. 0-0-0 Nb6 12. g4 d5 13. e5 Nfd7 14. f4 Nc4 15. Bxc4 bxc4 16. Kb1 Rb8 17. Ka2 Qa5 18. Nce2 Qc7 19. Rb1 Nc5 20. Nc3 Ba8 21. b3 cxb3+ 22. cxb3 0-0 23. Rhc1 Qd7 24. g5 Rfd8 25. h4 Ne4 26. Nxe4 dxe4 27. h5 g6 28. Qh2 Bf8 29. Qh3 Bd5 30. h6 Qe7 31. Nc2 a5 32. Bd2 a4 33. Bb4 Qb7 34. Rb2 axb3+ 35. Rxb3 Bxb3+ 36. Qxb3 Rd3 37. Qb2 Qd5+ 38. Ka1 Rb3 39. Qd4 Bxb4 0-1

[Event "Bydgoszcz op U18"]
[Site "Bydgoszcz"]
[Date "2010.01.18"]
[Round "1"]
[White "Bednarkiewicz, Jakub"]
[Black "Mazalon, Mateusz"]
[Result "0-1"]
[WhiteElo "1556"]
[BlackElo "1790"]
[PlyCount "54"]
[EventDate "2010.01.18"]
[EventType "swiss"]
[EventRounds "9"]
[EventCountry "POL"]
[SourceTitle "EXT 2013"]
[Source "ChessBase"]
[SourceDate "2012.11.22"]
[SourceVersion "1"]
[SourceVersionDate "2012.11.22"]
[SourceQuality "1"]

1. d4 d5 2. c4 e6 3. Nc3 c5 4. dxc5 d4 5. Ne4 Bxc5 6. Nxc5 Qa5+ 7. Bd2 Qxc5 8. e3 Nc6 9. Nf3 e5 10. Be2 Nf6 11. 0-0 d3 12. Bxd3 e4 13. Be2 exf3 14. Bxf3 0-0 15. Rc1 Bf5 16. Bc3 Ne4 17. Bd4 Qe7 18. Qe2 Rfd8 19. Rfd1 Nc5 20. Bg4 Bg6 21. Bh5 Ne6 22. Bc3 Rxd1+ 23. Rxd1 Rd8 24. Rd5 Be4 25. Rxd8+ Qxd8 26. h3 g6 27. Bf3 Bd3 0-1

[Event "POL-chT3 Kujawsko Pomorskie 0910"]
[Site "Poland"]
[Date "2009.12.06"]
[Round "3.9"]
[White "Licznerski, Lukasz"]
[Black "Mazalon, Mateusz"]
[Result "1-0"]
[WhiteElo "2001"]
[BlackElo "1775"]
[PlyCount "51"]
[EventDate "2009.11.08"]
[EventType "team-tourn"]
[EventRounds "11"]
[EventCountry "POL"]
[SourceTitle "EXT 2020"]
[Source "ChessBase"]
[SourceDate "2019.10.17"]
[SourceVersion "1"]
[SourceVersionDate "2019.10.17"]
[SourceQuality "1"]

1. e4 c5 2. Nf3 a6 3. c4 Nc6 4. d4 cxd4 5. Nxd4 e5 6. Nc2 d6 7. Nc3 g6 8. Nd5 Bg7 9. Be3 Rb8 10. Bb6 Qd7 11. Be2 Nge7 12. Nc7+ Kf8 13. 0-0 Nd4 14. Nxd4 exd4 15. Nd5 Nc6 16. b4 f5 17. b5 d3 18. Bxd3 Bxa1 19. bxc6 bxc6 20. Qxa1 cxd5 21. Qxh8+ Kf7 22. Qxh7+ Kf8 23. Qh8+ Kf7 24. Be3 dxe4 25. Qh7+ Ke8 26. Qg8+ 1-0

[Event "Lazy op-B 5th"]
[Site "Lazy"]
[Date "2009.06.23"]
[Round "3.6"]
[White "Mazalon, Mateusz"]
[Black "Kumala, Aleksander"]
[Result "0-1"]
[WhiteElo "1740"]
[BlackElo "1858"]
[PlyCount "112"]
[EventDate "2009.06.21"]
[EventType "swiss"]
[EventRounds "9"]
[EventCountry "POL"]
[SourceTitle "CBM 131 Extra"]
[Source "ChessBase"]
[SourceDate "2009.09.03"]
[SourceVersion "2"]
[SourceVersionDate "2009.09.16"]
[SourceQuality "1"]

1. e4 e6 2. d4 d5 3. Nc3 dxe4 4. Nxe4 Be7 5. Nf3 Nf6 6. Bd3 Nbd7 7. 0-0 0-0 8. c4 b6 9. Bf4 Bb7 10. Qc2 c5 11. Rad1 Qc8 12. Nd6 Bxd6 13. Bxd6 Bxf3 14. gxf3 Rd8 15. Be4 Nxe4 16. fxe4 cxd4 17. Rxd4 e5 18. Rd3 Qc6 19. Rd2 Nf6 20. Bxe5 Nxe4 21. Re2 Ng5 22. Re3 Nf3+ 23. Rxf3 Qxf3 24. Re1 Rd3 25. Bg3 Rad8 26. Qe2 Qc6 27. Bc7 Qg6+ 28. Kf1 Rf8 29. Qe5 h6 30. Qf4 Rd7 31. Be5 Rfd8 32. Qe4 Qxe4 33. Rxe4 Re8 34. Rd4 Rxd4 35. Bxd4 Re4 36. Bc3 Rxc4 37. Kg2 g6 38. Kf3 Kf8 39. Bf6 Rc6 40. Bd4 f6 41. Ke4 Ke7 42. a3 Ke6 43. f4 f5+ 44. Kf3 Kd5 45. Bg7 g5 46. Be5 Re6 47. Bb8 a6 48. Bc7 g4+ 49. Kf2 Ke4 50. Kg3 Rc6 51. Be5 Rc2 52. Bf6 h5 53. Be5 h4+ 54. Kxh4 Kf3 55. h3 g3 56. Bd4 g2 0-1

[Event "POL-chT U14 15th"]
[Site "Sielpia"]
[Date "2009.04.28"]
[Round "2"]
[White "Malec, Sebastian"]
[Black "Mazalon, Mateusz"]
[Result "1-0"]
[WhiteElo "1924"]
[BlackElo "1740"]
[PlyCount "73"]
[EventDate "2009.04.27"]
[EventType "team-tourn"]
[EventRounds "10"]
[EventCountry "POL"]
[SourceTitle "EXT 2011"]
[Source "ChessBase"]
[SourceDate "2010.11.26"]
[SourceVersion "1"]
[SourceVersionDate "2010.11.26"]
[SourceQuality "1"]

1. e4 c5 2. Nf3 a6 3. c4 Nc6 4. d4 cxd4 5. Nxd4 e5 6. Nf5 d6 7. Ne3 g6 8. Nc3 Nge7 9. Bd3 Bg7 10. 0-0 0-0 11. a3 Rb8 12. b4 f5 13. f3 Nd4 14. a4 Be6 15. Ned5 Bxd5 16. Nxd5 Nxd5 17. cxd5 Qb6 18. Kh1 Qxb4 19. Ba3 Qb6 20. Rb1 Qc7 21. Qd2 Rfd8 22. Rfc1 Qd7 23. Rb6 Bf8 24. Qa5 Rdc8 25. Rcb1 fxe4 26. fxe4 Nc2 27. Bc1 Qg4 28. Qd2 Bh6 29. h3 Qg3 30. Qxh6 Ne1 31. Qg5 Qxd3 32. Bd2 Nc2 33. Rxb7 Rxb7 34. Rxb7 Qf1+ 35. Kh2 Nd4 36. Qe7 Nf3+ 37. Kg3 1-0

[Event "POL-chT U14 15th"]
[Site "Sielpia"]
[Date "2009.04.28"]
[Round "3"]
[White "Mazalon, Mateusz"]
[Black "Adamowicz, Maciej"]
[Result "1-0"]
[WhiteElo "1740"]
[BlackElo "1862"]
[PlyCount "67"]
[EventDate "2009.04.27"]
[EventType "team-tourn"]
[EventRounds "10"]
[EventCountry "POL"]
[SourceTitle "EXT 2011"]
[Source "ChessBase"]
[SourceDate "2010.11.26"]
[SourceVersion "1"]
[SourceVersionDate "2010.11.26"]
[SourceQuality "1"]

1. e4 c5 2. Nf3 d6 3. c3 Nf6 4. Bd3 Nc6 5. Bc2 Bg4 6. d3 e6 7. Nbd2 d5 8. h3 Bh5 9. 0-0 Qc7 10. Re1 0-0-0 11. Qe2 Be7 12. Nf1 h6 13. Ng3 Bxf3 14. Qxf3 g5 15. a3 g4 16. hxg4 Ne5 17. Qe2 Nexg4 18. e5 Rdg8 19. exf6 Bd6 20. Nf1 h5 21. Be3 h4 22. d4 h3 23. g3 Nxf2 24. Bxf2 Bxg3 25. Bxg3 h2+ 26. Kh1 Rxg3 27. Nxg3 Qxg3 28. Qg2 Qh4 29. Re2 Qh5 30. Rf2 Qh6 31. Raf1 Qe3 32. Qf3 Qh6 33. Rg2 c4 34. Qf2 1-0

[Event "POL-chT3 Kujawsko Pomorskie 0809"]
[Site "Poland"]
[Date "2009.02.15"]
[Round "8.16"]
[White "Mazalon, Mateusz"]
[Black "Weglarz, Joanna"]
[Result "1/2-1/2"]
[WhiteElo "1717"]
[BlackElo "2027"]
[PlyCount "88"]
[EventDate "2008.11.09"]
[EventType "team-tourn"]
[EventRounds "11"]
[EventCountry "POL"]
[SourceTitle "EXT 2019"]
[Source "ChessBase"]
[SourceDate "2018.10.10"]
[SourceVersion "1"]
[SourceVersionDate "2018.10.10"]
[SourceQuality "1"]

1. e4 c5 2. Nf3 a6 3. c3 d5 4. exd5 Qxd5 5. d4 e6 6. Be3 cxd4 7. cxd4 Nf6 8. Nc3 Qd6 9. Be2 Nc6 10. 0-0 b5 11. Qd2 Be7 12. Rfd1 Bb7 13. Bf4 Qd8 14. Ne5 Nb4 15. a4 bxa4 16. Rxa4 0-0 17. Bf3 Bxf3 18. Nxf3 Qb6 19. Qe2 Rfd8 20. Be5 h6 21. Raa1 Rac8 22. Rac1 Nbd5 23. Bxf6 Nxc3 24. bxc3 Bxf6 25. Ne5 Bxe5 26. Qxe5 Qb3 27. Qa5 Rd5 28. Qxa6 Rxc3 29. Qa1 Rxc1 30. Rxc1 Qd3 31. Rd1 Qc4 32. h3 Qb4 33. Kh1 Qd6 34. Rd2 e5 35. dxe5 Qd8 36. Rxd5 Qxd5 37. Qe1 Qa2 38. Qe3 Qe6 39. Qd4 Qf5 40. f4 g5 41. fxg5 hxg5 42. Qe3 Kg7 43. Qg3 Kf8 44. Qa3+ Ke8 1/2-1/2

[Event "POL-chT3 Kujawsko Pomorskie 0809"]
[Site "Poland"]
[Date "2009.01.25"]
[Round "6.16"]
[White "Mazalon, Mateusz"]
[Black "Ryngwelski, Olaf"]
[Result "1-0"]
[WhiteElo "1717"]
[BlackElo "1789"]
[PlyCount "75"]
[EventDate "2008.11.09"]
[EventType "team-tourn"]
[EventRounds "11"]
[EventCountry "POL"]
[SourceTitle "EXT 2019"]
[Source "ChessBase"]
[SourceDate "2018.10.10"]
[SourceVersion "1"]
[SourceVersionDate "2018.10.10"]
[SourceQuality "1"]

1. e4 c5 2. Nf3 d6 3. c3 Nf6 4. Bd3 Bg4 5. Bc2 Nc6 6. d3 g6 7. Nbd2 Qb6 8. 0-0 Bh6 9. Nc4 Bxf3 10. gxf3 Qd8 11. Bxh6 Rg8 12. Bg5 Nh5 13. d4 d5 14. Ne5 Nb8 15. Ba4+ Kf8 16. Bh6+ Ng7 17. Qb3 Qc7 18. Qxd5 e6 19. Qxc5+ Qxc5 20. dxc5 Ke7 21. Bxg7 Rxg7 22. Rad1 Rg8 23. Rd6 Rc8 24. Rfd1 Rxc5 25. Nd7 Ra5 26. Nxb8 Rxb8 27. Bb3 b6 28. Rd7+ Kf6 29. f4 Rf8 30. e5+ Kf5 31. R1d4 g5 32. Bc2+ Kg4 33. f5+ Kh5 34. fxe6 h6 35. Rxf7 Re8 36. Rf6 g4 37. Bg6+ Kg5 38. Bxe8 1-0